00529nam a2200205Ia 4500008004100000041001200041082000600053082001100059100001400070100001100084245011300095260001100208260002200219260000900241300001500250650001700265650001200282650001500294650001400309150909s9999 xx 000 0 und d aEnglish a1 bBEL/MA aBells P  eAuthor aMarxism and the U S S R : the theory oof proletarian dictatorship and the marxist analysis of soviet society aLondon bMac millian press c1979 a267 Pages aCollectivism aEconomy aRevolution aSocialism